000 00688nam a2200241Ia 4500
001 53559
005 20240114005349.0
007 ta
008 110204s2008 g b000 u asm u
040 _aCotton College,Assam
041 _aasm
082 _a891.4108
_bSa 74 Sa
100 _aGoswami, Dr.Basanta Kr. .
245 0 _aSahityacharya Jajneswar Sarma Rachanavali /
_cDr.Basanta Kr. Goswami.
_hTextual Documents
250 _aIst ed. /
260 _aGuwahati :
_bPublication Board Assam ,
_c2008.
300 _a1056pg ;
_c29cm.
653 _aRachanavali-Jajneswar Sarma
653 _aDeptt- Assamese
942 _2ddc
_cBK
999 _c53522
_d53522